[Event "Voronezh op-B 23rd"]
[Site "Voronezh"]
[Date "2019.06.13"]
[Round "2"]
[White "Tatarintsev, Egor"]
[Black "Egorov, Alexey"]
[Result "1-0"]
[WhiteElo "2001"]
[BlackElo "1760"]
[PlyCount "133"]
[EventDate "2019.06.12"]
[EventType "swiss"]
[EventRounds "9"]
[EventCountry "RUS"]
[SourceTitle "EXT 2020"]
[Source "ChessBase"]
[SourceDate "2019.10.17"]
[SourceVersion "1"]
[SourceVersionDate "2019.10.17"]
[SourceQuality "1"]

1. e4 c6 2. Nc3 d5 3. d4 dxe4 4. Nxe4 Nf6 5. Nxf6+ exf6 6. Nf3 Bd6 7. Be2 0-0 8. 0-0 Re8 9. c4 Nd7 10. Re1 Nf8 11. Qb3 a5 12. h3 Bb4 13. Bd2 Bxd2 14. Nxd2 Qxd4 15. Rad1 Qf4 16. Qf3 Qxf3 17. Nxf3 Be6 18. Kf1 Rad8 19. Nd4 Ng6 20. b3 Bc8 21. Nc2 Nf4 22. Ne3 Nxe2 23. Kxe2 b6 24. Rxd8 Rxd8 25. Rd1 Rxd1 26. Kxd1 Kf8 27. Kd2 Ke7 28. c5 b5 29. Kc3 Be6 30. f4 g5 31. f5 Bc8 32. a3 h5 33. g3 Bd7 34. Kd4 Bc8 35. Ke4 Ba6 36. h4 b4 37. axb4 axb4 38. Nc2 Bf1 39. Nxb4 Bg2+ 40. Ke3 Kd7 41. Nc2 Kc7 42. g4 Bh3 43. gxh5 Bxf5 44. Nd4 Bh7 45. Kf3 gxh4 46. Kg4 Kd7 47. Kxh4 Kc7 48. Kg4 Kd7 49. Kf4 Kc7 50. b4 Kd7 51. Ke3 Kc7 52. Ne2 Kd7 53. Nf4 Bf5 54. Kd4 Ke7 55. Kc4 Kf8 56. b5 cxb5+ 57. Kxb5 Kg7 58. c6 Kh6 59. c7 Bc8 60. Kc6 Kg7 61. Kb6 f5 62. Ka7 Kh6 63. Kb8 Ba6 64. c8Q Bxc8 65. Kxc8 Kg5 66. Kd7 Kxf4 67. h6 1-0

[Event "Sochi Doroshkevich Amateur op"]
[Site "Sochi"]
[Date "2017.12.23"]
[Round "3"]
[White "Shamba, Leon"]
[Black "Egorov, Alexey"]
[Result "1/2-1/2"]
[WhiteElo "1511"]
[BlackElo "1919"]
[PlyCount "59"]
[EventDate "2017.12.21"]
[EventType "swiss"]
[EventRounds "9"]
[EventCountry "RUS"]
[SourceTitle "CBM 182 Extra"]
[Source "ChessBase"]
[SourceDate "2018.02.23"]
[SourceVersion "1"]
[SourceVersionDate "2018.02.23"]
[SourceQuality "1"]

1. e4 c6 2. d4 d5 3. Nc3 dxe4 4. Nxe4 Nd7 5. Nf3 Ngf6 6. Ng3 e6 7. Bd3 c5 8. 0-0 cxd4 9. Bb5 Bc5 10. Nxd4 0-0 11. Nb3 Qc7 12. Be2 Rd8 13. Bg5 h6 14. Bxf6 Nxf6 15. Qc1 b6 16. Bf3 Bb7 17. Bxb7 Qxb7 18. Nxc5 bxc5 19. b3 Rd5 20. c4 Rd3 21. Rd1 Rad8 22. Qc2 Qd7 23. Rxd3 Qxd3 24. Qxd3 Rxd3 25. f3 Rd2 26. Nf1 Rb2 27. Ne3 Kf8 28. Nd1 Rd2 29. Nc3 Ke7 30. Rd1 1/2-1/2

[Event "Sochi Doroshkevich Amateur op"]
[Site "Sochi"]
[Date "2017.12.21"]
[Round "1"]
[White "Dilanyan, Grigor"]
[Black "Egorov, Alexey"]
[Result "1-0"]
[WhiteElo "2222"]
[BlackElo "1919"]
[PlyCount "73"]
[EventDate "2017.12.21"]
[EventType "swiss"]
[EventRounds "9"]
[EventCountry "RUS"]
[SourceTitle "CBM 182 Extra"]
[Source "ChessBase"]
[SourceDate "2018.02.23"]
[SourceVersion "1"]
[SourceVersionDate "2018.02.23"]
[SourceQuality "1"]

1. Nf3 Nf6 2. d4 e6 3. c4 b6 4. Bf4 Bb7 5. e3 d6 6. Be2 Be7 7. h3 Nbd7 8. Nc3 a6 9. Qc2 Rc8 10. e4 Nf8 11. 0-0-0 Ng6 12. Be3 d5 13. cxd5 exd5 14. e5 Nd7 15. Bd3 b5 16. e6 Ndf8 17. exf7+ Kxf7 18. Bf5 Rb8 19. h4 Nxh4 20. Ne5+ Kg8 21. Bh3 Bf6 22. Ne2 Qe8 23. Nf4 Bxe5 24. dxe5 Qxe5 25. g3 Nhg6 26. Bd4 Qd6 27. Nh5 c5 28. Bxc5 Qd8 29. Kb1 Bc8 30. Qc3 Rb7 31. Bxf8 Rc7 32. Bc5 Bxh3 33. Rxh3 Qc8 34. Rxd5 Qxh3 35. Rd8+ Kf7 36. Qxg7+ Ke6 37. Qf6# 1-0

[Event "Nezhmetdinov Memorial 39th"]
[Site "Kazan"]
[Date "2017.06.03"]
[Round "4"]
[White "Akhmetov, Ruslan"]
[Black "Egorov, Alexey"]
[Result "0-1"]
[WhiteElo "1918"]
[BlackElo "1776"]
[PlyCount "20"]
[EventDate "2017.05.31"]
[EventType "swiss"]
[EventRounds "9"]
[EventCountry "RUS"]
[SourceTitle "EXT 2018"]
[Source "ChessBase"]
[SourceDate "2017.10.13"]
[SourceVersion "1"]
[SourceVersionDate "2017.10.13"]
[SourceQuality "1"]

1. e4 c6 2. Nc3 d5 3. Qe2 dxe4 4. Nxe4 Bf5 5. d3 e6 6. g4 Bxe4 7. dxe4 Qb6 8. f4 Nd7 9. b3 Qd4 10. Rb1 Bb4+ 0-1

[Event "Nezhmetdinov Memorial 39th"]
[Site "Kazan"]
[Date "2017.06.01"]
[Round "2"]
[White "Asatryan, Gor"]
[Black "Egorov, Alexey"]
[Result "1-0"]
[WhiteElo "1955"]
[BlackElo "1776"]
[PlyCount "137"]
[EventDate "2017.05.31"]
[EventType "swiss"]
[EventRounds "9"]
[EventCountry "RUS"]
[SourceTitle "EXT 2018"]
[Source "ChessBase"]
[SourceDate "2017.10.13"]
[SourceVersion "1"]
[SourceVersionDate "2017.10.13"]
[SourceQuality "1"]

1. e4 c6 2. d4 d5 3. Nc3 dxe4 4. Nxe4 Nd7 5. Bc4 Ngf6 6. Ng5 e6 7. Qe2 Nb6 8. Bb3 h6 9. N5f3 Bd7 10. Ne5 c5 11. Be3 Qc7 12. Ngf3 cxd4 13. Bxd4 Bd6 14. 0-0-0 0-0 15. g4 Bc6 16. Nxc6 Qxc6 17. Bxf6 gxf6 18. Nd4 Bf4+ 19. Kb1 Qc7 20. c3 Rae8 21. Bc2 Kg7 22. Qe4 Rh8 23. Ne2 Bd6 24. f4 Nd5 25. f5 Nf4 26. Nd4 Be5 27. fxe6 Bxd4 28. Rxd4 Nxe6 29. Rc4 Qb6 30. Rb4 Qf2 31. Rxb7 Nf4 32. Qc4 Rhf8 33. Qf1 Qd2 34. Rb4 Re2 35. Qc1 Qxc1+ 36. Kxc1 Rf2 37. Rd1 Re8 38. Be4 Rxh2 39. Rd2 Rxd2 40. Kxd2 Re7 41. Bf5 Ne6 42. Re4 Kf8 43. c4 Ke8 44. Kc3 Kd7 45. b4 Kc6 46. Re2 Re8 47. Be4+ Kc7 48. Bd5 Kd6 49. Rf2 Ke7 50. c5 Rd8 51. Kc4 Rg8 52. Bf3 Rd8 53. Bd5 Rg8 54. Bxe6 fxe6 55. Rf4 a6 56. a4 e5 57. Re4 Ke6 58. b5 axb5+ 59. axb5 h5 60. gxh5 f5 61. Rh4 f4 62. h6 f3 63. h7 Rh8 64. Kd3 Kf5 65. c6 f2 66. Ke2 Rf8 67. Kf1 Rh8 68. c7 e4 69. Kxf2 1-0

[Event "Nezhmetdinov Memorial 39th"]
[Site "Kazan"]
[Date "2017.05.31"]
[Round "1"]
[White "Egorov, Alexey"]
[Black "Mukhutdinov, Tigran"]
[Result "0-1"]
[WhiteElo "1776"]
[BlackElo "2162"]
[PlyCount "132"]
[EventDate "2017.05.31"]
[EventType "swiss"]
[EventRounds "9"]
[EventCountry "RUS"]
[SourceTitle "EXT 2018"]
[Source "ChessBase"]
[SourceDate "2017.10.13"]
[SourceVersion "1"]
[SourceVersionDate "2017.10.13"]
[SourceQuality "1"]

1. e4 e5 2. Nf3 Nc6 3. Bb5 a6 4. Bxc6 dxc6 5. Nc3 f6 6. d4 exd4 7. Nxd4 c5 8. Nde2 Qxd1+ 9. Nxd1 Be6 10. Bf4 0-0-0 11. Ne3 Ne7 12. 0-0 Ng6 13. Bg3 Ne5 14. Nf4 Bf7 15. Rfd1 Rd4 16. f3 Nc4 17. Nxc4 Bxc4 18. b3 Bf7 19. c3 Rxd1+ 20. Rxd1 c6 21. c4 Be7 22. Ne2 b5 23. Rc1 Rd8 24. Bf4 Kb7 25. Kf2 Rd3 26. Ng3 g6 27. Nf1 a5 28. Ke2 Rd7 29. Ne3 a4 30. Rd1 Rd4 31. cxb5 axb3 32. bxc6+ Kxc6 33. axb3 Bxb3 34. Rd3 Bc4 35. Nxc4 Rxc4 36. Kd2 f5 37. Re3 Bd8 38. Be5 Ba5+ 39. Kd3 Rc1 40. exf5 gxf5 41. Re2 Kd5 42. Bb2 c4+ 43. Ke3 Rd1 44. Rc2 Bb6+ 45. Ke2 Rg1 46. Rd2+ Kc6 47. g3 Ba5 48. Rc2 Kb5 49. Ke3 Kb4 50. Bd4 Rd1 51. Bf6 Kb3 52. Rb2+ Ka3 53. Rc2 Kb4 54. g4 Rd3+ 55. Ke2 f4 56. h4 Re3+ 57. Kf2 Bb6 58. Kg2 c3 59. g5 Kb3 60. Rxc3+ Rxc3 61. Bxc3 Kxc3 62. Kh3 Kd3 63. h5 Ke3 64. Kg4 Bd4 65. Kf5 Kxf3 66. Ke6 Kg4 0-1

[Event "Salekhard-ch"]
[Site "Salekhard"]
[Date "2015.02.02"]
[Round "9"]
[White "Belyakov, Bogdan"]
[Black "Egorov, Alexey"]
[Result "1-0"]
[WhiteElo "2482"]
[BlackElo "1664"]
[PlyCount "31"]
[EventDate "2015.01.23"]
[EventType "swiss"]
[EventRounds "9"]
[EventCountry "RUS"]
[SourceTitle "CBM 164 Extra"]
[Source "ChessBase"]
[SourceDate "2015.03.02"]
[SourceVersion "1"]
[SourceVersionDate "2015.03.02"]
[SourceQuality "1"]

1. e4 c6 2. d4 d5 3. Nc3 dxe4 4. Nxe4 Bf5 5. Ng3 Bg6 6. Bc4 Nf6 7. N1e2 Nd5 8. 0-0 e6 9. f4 Qf6 10. f5 Bxf5 11. Nxf5 exf5 12. Bxd5 cxd5 13. Nc3 Qd8 14. Rxf5 Bd6 15. Rxd5 0-0 16. Bf4 1-0

[Event "Salekhard-ch"]
[Site "Salekhard"]
[Date "2015.01.31"]
[Round "6"]
[White "Abramov, Ilya"]
[Black "Egorov, Alexey"]
[Result "1-0"]
[WhiteElo "1709"]
[BlackElo "1664"]
[PlyCount "89"]
[EventDate "2015.01.23"]
[EventType "swiss"]
[EventRounds "9"]
[EventCountry "RUS"]
[SourceTitle "CBM 164 Extra"]
[Source "ChessBase"]
[SourceDate "2015.03.02"]
[SourceVersion "1"]
[SourceVersionDate "2015.03.02"]
[SourceQuality "1"]

1. d4 Nf6 2. c4 d5 3. Nc3 e6 4. Bg5 Be7 5. e3 0-0 6. Nf3 b6 7. cxd5 Nxd5 8. Bxe7 Nxe7 9. Bd3 Ng6 10. Qc2 Nd7 11. Be4 Rb8 12. Bc6 a6 13. Rc1 Bb7 14. Ne2 Nf6 15. 0-0 Qd6 16. Bxb7 Rxb7 17. Qc6 Qxc6 18. Rxc6 Nd5 19. a3 Nge7 20. Rc2 c6 21. Rfc1 f6 22. Nd2 b5 23. Ne4 Nc7 24. Nc5 Ra7 25. Kf1 g5 26. Ke1 h5 27. Ng3 h4 28. Nge4 Rf7 29. Nd6 Rg7 30. Ndb7 Ra8 31. Na5 Kf7 32. Nd3 Kg6 33. Nxc6 Ncd5 34. Nxe7+ Rxe7 35. Rc6 f5 36. Nc5 Nc7 37. Nd3 Nd5 38. Rd6 a5 39. Rc5 Nc7 40. Rdc6 Ra7 41. Rb6 Kf6 42. Ke2 g4 43. d5 Nxd5 44. Rxd5 Rac7 45. Rc5 1-0